[Event "FRM-chT"]
[Site "Struga"]
[Date "2005.09.04"]
[Round "7"]
[White "Kajmakoski, Koco"]
[Black "Trkaljanov, Vladimir"]
[Result "0-1"]
[WhiteElo "2064"]
[BlackElo "2246"]
[PlyCount "44"]
[EventDate "2005.08.29"]
[EventType "team-tourn"]
[EventRounds "7"]
[EventCountry "MKD"]
[SourceTitle "CBM 108 Extra"]
[Source "ChessBase"]
[SourceDate "2005.11.04"]
[SourceVersion "1"]
[SourceVersionDate "2005.11.04"]
[SourceQuality "1"]

1. d4 Nf6 2. Nf3 c5 3. c4 cxd4 4. Nxd4 e5 5. Nb5 d5 6. e3 a6 7. N5c3 d4 8. exd4 exd4 9. Ne2 Nc6 10. Nf4 Bb4+ 11. Bd2 0-0 12. Bd3 Re8+ 13. Ne2 Bd6 14. h3 Ne5 15. Qc2 Qe7 16. Bg5 Bb4+ 17. Kf1 Nxd3 18. Qxd3 Bf5 19. Qxf5 Qxe2+ 20. Kg1 Ne4 21. Bc1 Bd6 22. g3 g6 0-1